[Event "San Francisco TNM Jay Whitehead op"]
[Site "San Francisco"]
[Date "2014.09.23"]
[Round "8"]
[White "Fuentes, Romulo C"]
[Black "Steger, Alexander P"]
[Result "1-0"]
[WhiteElo "2215"]
[BlackElo "2029"]
[PlyCount "31"]
[EventDate "2014.08.05"]
[EventType "swiss"]
[EventRounds "9"]
[EventCountry "USA"]
[SourceTitle "EXT 2016"]
[Source "ChessBase"]
[SourceDate "2015.10.08"]
[SourceVersion "1"]
[SourceVersionDate "2015.10.08"]
[SourceQuality "1"]

1. e4 e5 2. Nf3 Nc6 3. d4 exd4 4. Bc4 Bc5 5. Ng5 Nh6 6. Nxf7 Nxf7 7. Bxf7+ Kxf7 8. Qh5+ g6 9. Qxc5 d5 10. 0-0 dxe4 11. c3 Re8 12. Bf4 Bf5 13. Na3 d3 14. Nb5 Rc8 15. Nxa7 Nxa7 16. Qxa7 1-0

[Event "San Francisco TNM Jay Whitehead op"]
[Site "San Francisco"]
[Date "2014.08.05"]
[Round "1"]
[White "Steger, Alexander P"]
[Black "McKellar, Daniel"]
[Result "1-0"]
[WhiteElo "2029"]
[BlackElo "1504"]
[PlyCount "117"]
[EventDate "2014.08.05"]
[EventType "swiss"]
[EventRounds "9"]
[EventCountry "USA"]
[SourceTitle "EXT 2016"]
[Source "ChessBase"]
[SourceDate "2015.10.08"]
[SourceVersion "1"]
[SourceVersionDate "2015.10.08"]
[SourceQuality "1"]

1. d4 d5 2. c4 c6 3. Nf3 Nf6 4. e3 e6 5. b3 Nbd7 6. Bb2 Bb4+ 7. Nbd2 Ne4 8. a3 Nxd2 9. Nxd2 Bd6 10. Be2 0-0 11. 0-0 e5 12. cxd5 cxd5 13. dxe5 Nxe5 14. Nf3 Nxf3+ 15. Bxf3 Be6 16. Qd4 f6 17. Rfd1 Be5 18. Qd2 Bxb2 19. Qxb2 Qa5 20. b4 Qb5 21. a4 Qc6 22. b5 Qc4 23. Rd4 Qc7 24. Rad1 Qe5 25. Qd2 Rfd8 26. Bxd5 Bxd5 27. Rxd5 Rxd5 28. Qxd5+ Qxd5 29. Rxd5 Rc8 30. g4 Rc7 31. Kg2 Kf7 32. Kf3 Ke6 33. Rd8 h6 34. h4 Ke5 35. h5 b6 36. Ra8 Ke6 37. Re8+ Kf7 38. Re4 Rd7 39. Kf4 Rc7 40. f3 Rd7 41. Rc4 Ke6 42. e4 Ke7 43. Kf5 Kd8 44. f4 Re7 45. Rd4+ Ke8 46. e5 fxe5 47. fxe5 Rc7 48. Kg6 Re7 49. Rd5 Rc7 50. Rd4 Re7 51. Re4 Kf8 52. e6 Kg8 53. Kf5 Kf8 54. Ke5 Ke8 55. Kd6 Kd8 56. Rc4 Rb7 57. Rc6 Re7 58. Rc8+ Kxc8 59. Kxe7 1-0

[Event "San Francisco Neil Falconer op"]
[Site "San Francisco"]
[Date "2013.10.01"]
[Round "9"]
[White "Steger, Alexander P"]
[Black "Traub, Igor Vladimirovich"]
[Result "1-0"]
[WhiteElo "1990"]
[BlackElo "2059"]
[PlyCount "91"]
[EventDate "2013.08.06"]
[EventType "swiss"]
[EventRounds "9"]
[EventCountry "USA"]
[SourceTitle "EXT 2016"]
[Source "ChessBase"]
[SourceDate "2015.10.08"]
[SourceVersion "1"]
[SourceVersionDate "2015.10.08"]
[SourceQuality "1"]

1. d4 Nf6 2. c4 d6 3. Nc3 g6 4. e4 Bg7 5. h3 Nbd7 6. Be3 0-0 7. Nf3 e5 8. d5 Nh5 9. g3 f5 10. exf5 gxf5 11. Ng5 Ndf6 12. Be2 Qe8 13. Nb5 Qg6 14. Qc2 Bd7 15. Nxc7 Rac8 16. Nce6 Nxd5 17. Nxf8 Nxe3 18. Nxg6 Nxc2+ 19. Kd2 hxg6 20. Kxc2 d5 21. Rad1 Bf6 22. h4 b5 23. Rxd5 Bc6 24. Rhd1 Bxd5 25. Rxd5 bxc4 26. Rd6 c3 27. bxc3 Kf8 28. Bxh5 Bxg5 29. hxg5 gxh5 30. Rd7 Kg8 31. Rxa7 f4 32. Kd3 fxg3 33. fxg3 Rc5 34. c4 e4+ 35. Kxe4 Rxc4+ 36. Kf5 h4 37. gxh4 Rxh4 38. Kg6 Kf8 39. Ra8+ Ke7 40. Kg7 Rh2 41. g6 Rg2 42. a4 Ra2 43. a5 Rh2 44. a6 Ra2 45. a7 Ra5 46. Rf8 1-0

[Event "San Francisco Neil Falconer op"]
[Site "San Francisco"]
[Date "2013.09.03"]
[Round "5"]
[White "Steger, Alexander P"]
[Black "Todortsev, Victor"]
[Result "1-0"]
[WhiteElo "1990"]
[BlackElo "1932"]
[PlyCount "59"]
[EventDate "2013.08.06"]
[EventType "swiss"]
[EventRounds "9"]
[EventCountry "USA"]
[SourceTitle "EXT 2016"]
[Source "ChessBase"]
[SourceDate "2015.10.08"]
[SourceVersion "1"]
[SourceVersionDate "2015.10.08"]
[SourceQuality "1"]

1. d4 d5 2. c4 e6 3. Nc3 Nf6 4. cxd5 exd5 5. Bg5 c6 6. Qc2 Be7 7. e3 0-0 8. Bd3 h6 9. Bh4 Nh5 10. Bxe7 Qxe7 11. Nge2 b5 12. 0-0 Na6 13. a3 Nc7 14. Na2 Bb7 15. Nb4 c5 16. Qxc5 Qd7 17. Qc2 a5 18. Bh7+ Kh8 19. Bf5 Ne6 20. Nd3 Rac8 21. Nc5 Qe7 22. Bxe6 fxe6 23. Qg6 Nf6 24. Nf4 Rc6 25. Qd3 Qc7 26. Ncxe6 Rxe6 27. Nxe6 Qd6 28. Nxf8 Qxf8 29. Qxb5 Qa8 30. Rac1 1-0